000 00447cam a22001934a 4500
005 20250605164312.0
008 250528s ||||||||||||||||||||||||d
035 _a22536
020 _a9780679736554
040 _aGR-AtMCL
_bgre
_dGR-AtMCL
_eAACR2
245 1 _aABOUT LOOKING
250 _a1
260 _bVintage International,
_c1980
300 _a205
700 1 _aBerger John
_94877
942 _cBK
999 _c7584
_d7584